000 00697nam a2200217 i 4500
001 98787
003 ES-MaACL
005 20250818070628.0
007 t|
008 051025q1935 sp ||||1| spa d
100 1 _aEastman, Max.
_946451
245 1 3 _aLa ciencia de la revolución (Marx-Lenin) /
_cMax Eastman ; traducido por F. Susanna.
260 _aBarcelona :
_b[Catalonia,
_cca. 1935] (
_fA. López Llausas)
300 _aX, 11-230 p. ;
_c19 cm.
600 1 4 _aMarx, Karl,
_d1818-1883
_978590
600 1 4 _aLenin, Vladimir Il'ich,
_d1870-1924
_971523
650 1 7 _aRevoluciones
_2embne
_916897
700 1 _aSusanna, Francisco.
_9108845
852 _aES-MaACL
_jB-36
999 _c98787
_d98787